Statistics for Transformers medics

Click here to take the quiz!

General Stats

  • This quiz has been taken 46 times
  • The average score is 4 of 7

Answer Stats

Hint Answer % Correct
Grumpy ol' docbotRatchet
100%
Wears a maskFirst Aid
74%
Watch the finishKnock Out
65%
Doctor turned psychopathPharma
62%
Ward manager from DelphiAmbulon
47%
Pint sized Decepticon medicNickel
29%
Sometimes known as "Lotty"Velocity
29%

Score Distribution

Percentile by Number Answered

Percent of People with Each Score

Your Score History

You have not taken this quiz